000 00651nam a22002057a 4500
003 OSt
005 20180927075713.0
008 180220b xxu||||| |||| 00| 0 spa d
020 _a9501403343
040 _cPJ
100 _92368
_aParra Quijano, Jairo
245 1 3 _aLa intervención de tercerso en el proceso civil /
_cJairo Parra Quijano.
260 _aBuenos Aires :
_cDepalma,
_b1986..
300 _axix, 281 p.
_c23 cm.
500 _aNotas y citas a pie de página.
650 0 _91148
_aDERECHO PROCESAL CIVIL
650 0 _92362
_aPARTES DEL PROCESO
650 0 _92363
_aINTERVENCIÓN DE TERCEROS
942 _2udc
_cLIB
_h347.921.3
_iPAR
999 _c1563
_d1563